Riadenie a model tvorby inovačných procesov v konkrétnom podniku diplomová práca

Na minha lista:
Detalhes bibliográficos
Autor principal: Ferents, Anastasiia
Autor Corporativo: Obchodná fakulta EU. Katedra marketingu
Outros Autores: Daneshjo, Naqibullah, 1964-
Formato: Livro
Idioma:eslovaco
Publicado em: Bratislava 2023
Tags: Adicionar Tag
Sem tags, seja o primeiro a adicionar uma tag!

MARC

LEADER 00000nbm a2200000 4500
001 0293735
005 20231219141748.3
041 0 |a slo 
044 |a SK 
245 1 0 |a Riadenie a model tvorby inovačných procesov v konkrétnom podniku  |b diplomová práca  |c Anastasiia Ferents ; školiteľ: Naqibullah Daneshjo 
264 1 |a Bratislava  |c 2023 
300 |a 68 s. 
100 1 |a Ferents, Anastasiia 
700 1 |a Daneshjo, Naqibullah, 1964- 
710 2 |a Obchodná fakulta EU. Katedra marketingu